MDQL
is popping MORE tags! Check the
thread
!
Quizzes
Events
Quiz Creation
Community
Videos
Private Events
Remove Ads
Sign In
Join for FREE
Feedback
Dark Mode
Quiz Categories
Sports
Geography
Music
Movies
Television
Just For Fun
Miscellaneous
History
Literature
Language
Science
Gaming
Entertainment
Religion
Holiday
For Kids
Quiz Lab
Recent
Popular Today
Quiz Kudos Today
Editor Picks
Curator Picks
Quizzes by...
Day
Popularity
Type
Ratings
Length
Year
Community
Subscriptions
Recent Discussions
Orange Saloon
Badges
Playlists
Quests
Create
Leaderboards
Showdown
Live 5
Trivia Bingo
Activity
Puzzle Library
Sporcle Events
Private Events
Virtual Trivia
Globe League
Become a Host
Pub Owners
SporcleCon
Opinionation
Our Games
Videos
Blog
Mobile Apps
Partnerships
Remove Ads and Go Orange
Feedback
Music
Pop Music
The Beatles
Song
Album
Lyrics
Bands
Singers
Artist
Clip
Rock
Rap
Classical
Billboard
Country Music
Kpop
Taylor Swift
Music
Pop Music
The Beatles
Song
Album
Lyrics
Bands
Singers
Artist
Clip
Rock
Rap
Classical
Billboard
Country Music
Kpop
Taylor Swift
Random Quiz
Search Sporcle
×
Quiz Lab
Quiz Lab
Music
Album
Type in answers that appear in a list
Type in answers that appear in a list
Classic
Best Score? Go Orange.
Top 25 Songs Played at U2 Concerts Stats
Can you name the Top 25 Songs Played at U2 Concerts?
By
samwilbur
10m
25 Questions
3,625 Plays
3,625 Plays
3,625 Plays
Comments
Comments
Give Quiz Kudos
Give Quiz Kudos
-
- Ratings
hide this ad
More Info
Replay
Link that replays current quiz
Next Quiz
Link to next quiz in quiz playlist
You Got
0%
They Got
Avg Score
63%
Avg Friend Score
Upgrade to see
Score Distribution
Jump to the score distribution portion of the page
Score
0/25
Timer
10:00
0
Plays Today
Times Played
Song
% Correct
694
Sunday Bloody Sunday
92%
564
One
89.9%
627
With or Without You
89.7%
690
Where The Streets Have No Name
89.4%
773
Pride (In The Name of Love)
87.8%
525
I Still Haven't Found What I'm Looking For
84.5%
323
Beautiful Day
83.6%
677
New Year's Day
78.1%
439
Mysterious Ways
74.8%
768
I Will Follow
73.6%
475
Bad
68.2%
646
Bullet the Blue Sky
66.5%
289
Elevation
64.1%
Times Played
Song
% Correct
321
The Fly
60.2%
483
40
57.8%
355
Gloria
57.2%
285
All I Want is You
53.5%
333
October
50.5%
347
Running to Stand Still
50.4%
299
MLK
49.2%
425
Until The End of the World
45.8%
294
Out of Control
43.8%
420
The Electric Co.
43.4%
375
11 O'Clock Tick Tock
29.4%
330
The Cry
9.1%
Quiz Playlist
Details
Report
Send in Message
Add To Playlist
More Info:
*As of 2009 U2360 Tour
Classic:
Type in answers that appear in a list
Quiz Source
Last Updated: Mar 17, 2018
Quiz Scoreboard
CHALLENGE
Sign Up to Join the Scoreboard
Show All
Scores
Hide
Comments
May contain spoilers
Recently Published
Image Sorting: Flags VI
by Barbecue
Geography
2m
Find the 'City' Movie
by crazypaving
Movies
60s
Colored Red Africa Blitz
by spor1
Geography
45s
More to Explore
Quiz From the Vault
Featured Blog Post
14 Easter Pick-up Lines to Find Eggs With
hide this ad
You Might Also Like...
Tags
Album Quiz
Song Quiz
Concert
Top 25
Today's Top Quizzes in Music
Browse Music
hide this ad
Today's Top Quizzes in Album
Browse Album
Top Contributed Quizzes in Music
1
5X2 Blitz: Bands II
2
5X2 Blitz: The Beatles
3
Taylor Swift All Songs (2024)
4
5X2 Blitz: Billboard
5
5X2 Blitz: Billboard II
6
5X2 Blitz: Album
7
5X2 Blitz: Rock
8
5X2 Blitz: Singers
9
Taylor Swift Logic Puzzle II
10
5X2 Blitz: Lyrics
Explore More
Trending Topics
Kpop
Anime
NBA
Marvel
Disney
Crossword
Harry Potter
WWE
NFL
Pokémon
Soccer
The Office
Country
Puzzle
Song
hide this ad
More By:
samwilbur
Quiz
Plays
Rating
Category
Featured
Created
Name Every Bruce Springsteen Song
4,185
3.00
Music
Apr 11, 2012
Top 25 Songs Played at U2 Concerts
3,625
4.53
Music
May 22, 2010
That's What She Said
1,796
3.67
Television
May 25, 2010
Q104.3 Top 100 Classic Rock Songs
757
3.43
Music
May 21, 2010
U2 Lyrics Game
655
5.00
Music
May 21, 2010
Go to Creator's Profile
Score Distribution
Quiz Creator Spotlight
samwilbur
Follow
Send a Message
Quizzes Created
-
Created Quiz Play Count
-
More By This Creator
Popular Quizzes Today
1
Colored Red Africa Blitz
2
Find the US States - No Outlines Minefield
3
Find the 'City' Movie
4
5x2 Blitz: Bands
5
The Countries of the World
6
Find the US States
7
Find the Countries of Europe - No Outlines Minefield
8
US States
More Music Quizzes
Instagram Accounts of Kpop Idols
Quiz Lab
Trending Quizzes
Colored Red Europe Blitz I
Colored Red Europe Blitz II
Colored Red Africa Blitz II
Colored Red Europe Blitz III
Colored Red Africa Blitz III
Recently Updated
How Do You Spell That?
pecheneg
Godzilla Movies
pecheneg
Grab Bag: 4-10 Letters
pecheneg
2024 March Madness Bracket
pecheneg
Famous TV Couples
Peacemaker
Champions League XIs: Real Madrid
pecheneg
Largest US Cities 1790-2010
pecheneg
Rides in Walt Disney World
pecheneg
Most Oscar Losses (Acting)
pecheneg
Beyoncé Albums
pecheneg
Trending Topics
Disney
Kpop
Anime
Marvel
Crossword
NBA
Harry Potter
Country
WWE
Song
Puzzle
Pokémon
Soccer
NFL
The Office
Your Account Isn't Verified!
In order to create a playlist on Sporcle, you need to verify the email address you used during registration. Go to your
Sporcle Settings
to finish the process.
Report this User
Report this user for behavior that violates our
Community Guidelines
.
Details:
Send Report
Go to the Sporcle.com Mobile Site →
Comments